[Event "Titled Tuesday intern op 21st Dec"]
[Site "Chess.com INT"]
[Date "2021.12.21"]
[Round "2"]
[White "Munoz Galvez, Jhon Edison"]
[Black "Castillo Sevilla, Ian Eiffel"]
[Result "1-0"]
[WhiteElo "2276"]
[BlackElo "2032"]
[PlyCount "53"]
[EventDate "2021.12.21"]
[EventType "swiss (blitz)"]
[EventRounds "11"]
[EventCountry "USA"]
[SourceTitle "CBM 205 Extra"]
[Source "ChessBase"]
[SourceDate "2022.01.31"]
[SourceVersion "1"]
[SourceVersionDate "2022.01.31"]
[SourceQuality "1"]

1. d4 Nf6 2. c4 e6 3. Nc3 Bb4 4. e3 b6 5. Nge2 Bb7 6. a3 Be7 7. d5 exd5 8. cxd5 O-O 9. e4 d6 10. f3 Nbd7 11. Nd4 Re8 12. Be3 Bf8 13. Qd2 a6 14. Bc4 g6 15. O-O Bg7 16. Rac1 b5 17. Ba2 Nb6 18. Nce2 Qe7 19. Nc6 Bxc6 20. Rxc6 Nxe4 21. fxe4 Qxe4 22. Rf3 Nc4 23. Bxc4 bxc4 24. Rxc7 Rab8 25. Nc3 Bxc3 26. Qxc3 Rb3 27. Qf6 1-0

[Event "Titled Tuesday intern op 21st Dec"]
[Site "Chess.com INT"]
[Date "2021.12.21"]
[Round "2"]
[White "Nikulina, Alena"]
[Black "Itkis, Boris"]
[Result "1-0"]
[WhiteElo "1923"]
[BlackElo "2343"]
[PlyCount "87"]
[EventDate "2021.12.21"]
[EventType "swiss (blitz)"]
[EventRounds "11"]
[EventCountry "USA"]
[SourceTitle "CBM 205 Extra"]
[Source "ChessBase"]
[SourceDate "2022.01.31"]
[SourceVersion "1"]
[SourceVersionDate "2022.01.31"]
[SourceQuality "1"]

1. e4 d6 2. d4 Nf6 3. Nc3 g6 4. Bf4 a6 5. e5 Nfd7 6. Bc4 e6 7. exd6 Bxd6 8. Bxd6 cxd6 9. d5 e5 10. Nge2 O-O 11. O-O f5 12. Bb3 Nc5 13. f4 Nbd7 14. fxe5 dxe5 15. d6+ Kg7 16. Qd5 Nxb3 17. axb3 Re8 18. Ng3 Nf6 19. Qd2 Bd7 20. Kh1 h6 21. Nd5 Ng4 22. h3 Qh4 23. Rf3 Bc6 24. c4 Nf6 25. Qf2 Bxd5 26. Nxf5+ gxf5 27. Qxh4 Bxf3 28. gxf3 Rf8 29. Rg1+ Kh7 30. c5 Rac8 31. b4 Rf7 32. Qc4 Rcf8 33. Qe6 f4 34. Qxe5 Kh8 35. b5 Re8 36. Qxf4 Kh7 37. Qf5+ Kh8 38. c6 axb5 39. d7 Ref8 40. cxb7 Nxd7 41. Qg6 Rh7 42. f4 Nb8 43. Qd6 Re8 44. Qd4+ 1-0

[Event "Titled Tuesday intern op 21st Dec"]
[Site "Chess.com INT"]
[Date "2021.12.21"]
[Round "2"]
[White "Olenik Campa, Rudi"]
[Black "Stead, Kerry"]
[Result "1-0"]
[WhiteElo "2102"]
[BlackElo "1978"]
[PlyCount "87"]
[EventDate "2021.12.21"]
[EventType "swiss (blitz)"]
[EventRounds "11"]
[EventCountry "USA"]
[SourceTitle "CBM 205 Extra"]
[Source "ChessBase"]
[SourceDate "2022.01.31"]
[SourceVersion "1"]
[SourceVersionDate "2022.01.31"]
[SourceQuality "1"]

1. e4 c6 2. d4 d5 3. Nc3 g6 4. Nf3 Bg7 5. Be2 Bg4 6. Be3 e6 7. O-O Nd7 8. h3 Bxf3 9. Bxf3 Ne7 10. Ne2 O-O 11. Qd3 dxe4 12. Bxe4 Nf5 13. Bxf5 exf5 14. Qd2 Re8 15. Ng3 Nf6 16. c3 Ne4 17. Nxe4 fxe4 18. Bh6 f5 19. Bxg7 Kxg7 20. c4 Qf6 21. Rad1 Rad8 22. Qc3 Rd7 23. Qa3 a6 24. d5 cxd5 25. Rxd5 Rxd5 26. cxd5 Qd4 27. Qd6 Kf7 28. Rc1 Re7 29. Rc7 Rxc7 30. Qxc7+ Kf6 31. d6 Qe5 32. Qd8+ Kf7 33. Qd7+ Kf6 34. Qd8+ Kf7 35. Qc7+ Kf6 36. Qd7 h5 37. Qc7 h4 38. Qd8+ Kf7 39. d7 Qe7 40. Qc8 Qb4 41. d8=Q Qe1+ 42. Kh2 Qxf2 43. Qcc7+ Ke6 44. Qdd6# 1-0

[Event "Titled Tuesday intern op 21st Dec"]
[Site "Chess.com INT"]
[Date "2021.12.21"]
[Round "2"]
[White "Paltrinieri, Nicholas"]
[Black "Vidruska, Renate"]
[Result "1/2-1/2"]
[WhiteElo "2344"]
[BlackElo "2029"]
[PlyCount "143"]
[EventDate "2021.12.21"]
[EventType "swiss (blitz)"]
[EventRounds "11"]
[EventCountry "USA"]
[SourceTitle "CBM 205 Extra"]
[Source "ChessBase"]
[SourceDate "2022.01.31"]
[SourceVersion "1"]
[SourceVersionDate "2022.01.31"]
[SourceQuality "1"]

1. f4 d5 2. Nf3 g6 3. e3 Bg7 4. Be2 c5 5. d3 Nf6 6. O-O Nc6 7. Qe1 O-O 8. Qh4 h6 9. Nc3 d4 10. Ne4 Nxe4 11. dxe4 e5 12. Qg3 dxe3 13. c3 exf4 14. Qxf4 Qf6 15. Qxf6 Bxf6 16. Bxe3 Re8 17. Bxc5 Rxe4 18. Bd3 Re8 19. Nd2 Bg7 20. Ne4 Be6 21. Nf6+ Bxf6 22. Rxf6 Kg7 23. Rff1 b6 24. Bf2 Red8 25. Be4 Rac8 26. a3 Bd5 27. Bc2 Bc4 28. Rfd1 Rxd1+ 29. Rxd1 Rd8 30. Rxd8 Nxd8 31. b3 Be6 32. a4 Kf8 33. c4 Nc6 34. Be1 Ke7 35. Kf2 f5 36. Bd3 Ne5 37. Bf1 Ng4+ 38. Kg1 Ne3 39. Bd3 Ng4 40. Bc3 Kd6 41. a5 Ne5 42. Bb4+ Kc6 43. Be2 Nd7 44. Bf3+ Kc7 45. Bd2 Nc5 46. Bd1 Kc6 47. Kf1 g5 48. h3 f4 49. Ke2 Bf5 50. b4 Ne4 51. axb6 axb6 52. Be1 Nd6 53. Bb3 Ne4 54. Kf3 Nf6 55. Bf2 Nd7 56. Ke2 Ne5 57. Ba4+ Kb7 58. c5 bxc5 59. bxc5 Nc6 60. Bb3 Kc7 61. Bc4 Be4 62. Kf1 Ne5 63. Be2 Bd3 64. Ke1 Kc6 65. Bd4 Bxe2 66. Bxe5 Bc4 67. Bg7 h5 68. Bh6 g4 69. h4 f3 70. gxf3 gxf3 71. Kf2 Bd5 72. Bf8 1/2-1/2

[Event "Titled Tuesday intern op 21st Dec"]
[Site "Chess.com INT"]
[Date "2021.12.21"]
[Round "2"]
[White "Pein, Jonathan"]
[Black "Strybuk, Artsiom I"]
[Result "1/2-1/2"]
[WhiteElo "2229"]
[BlackElo "2210"]
[PlyCount "121"]
[EventDate "2021.12.21"]
[EventType "swiss (blitz)"]
[EventRounds "11"]
[EventCountry "USA"]
[SourceTitle "CBM 205 Extra"]
[Source "ChessBase"]
[SourceDate "2022.01.31"]
[SourceVersion "1"]
[SourceVersionDate "2022.01.31"]
[SourceQuality "1"]

1. Nf3 Nf6 2. c4 g6 3. Nc3 Bg7 4. d4 d5 5. cxd5 Nxd5 6. Bd2 O-O 7. e4 Nxc3 8. Bxc3 Bg4 9. Be2 Nc6 10. d5 Bxc3+ 11. bxc3 Bxf3 12. Bxf3 Ne5 13. Be2 c6 14. O-O cxd5 15. exd5 Qd6 16. Qd4 b6 17. a4 Rac8 18. f4 Nd7 19. a5 Rc5 20. c4 bxa5 21. h4 Rb8 22. h5 Qf6 23. Qe3 Kg7 24. Bg4 Rc7 25. Rxa5 Nb6 26. h6+ Kxh6 27. f5+ Kg7 28. fxg6 Qxg6 29. d6 Rxc4 30. Rg5 Rxg4 31. Rxg6+ Rxg6 32. Qxe7 Rf8 33. d7 Nxd7 34. Qxd7 a6 35. Qd4+ Kg8 36. Rf5 Re8 37. Qc4 Rf8 38. Kf2 Kg7 39. Qc3+ Kg8 40. g4 Re8 41. Kf3 Rge6 42. Qc4 Rf8 43. Rg5+ Rg6 44. Rf5 Re6 45. Kf4 Rg6 46. g5 Kg7 47. Qd4+ Kg8 48. Rf6 Re8 49. Qd7 Rf8 50. Qa7 Kg7 51. Qxa6 h6 52. Rxg6+ fxg6+ 53. Kg4 hxg5 54. Kxg5 Rf5+ 55. Kg4 Kh7 56. Qa1 Kg8 57. Qe1 Kg7 58. Qe7+ Kg8 59. Qe6+ Kg7 60. Qxf5 gxf5+ 61. Kxf5 1/2-1/2

[Event "Titled Tuesday intern op 21st Dec"]
[Site "Chess.com INT"]
[Date "2021.12.21"]
[Round "2"]
[White "Perez, Flavio"]
[Black "Bethke, Richard"]
[Result "0-1"]
[WhiteElo "2272"]
[BlackElo "2327"]
[PlyCount "110"]
[EventDate "2021.12.21"]
[EventType "swiss (blitz)"]
[EventRounds "11"]
[EventCountry "USA"]
[SourceTitle "CBM 205 Extra"]
[Source "ChessBase"]
[SourceDate "2022.01.31"]
[SourceVersion "1"]
[SourceVersionDate "2022.01.31"]
[SourceQuality "1"]

1. e4 c5 2. Nc3 Nc6 3. g3 g6 4. Bg2 Bg7 5. d3 e6 6. Be3 b6 7. Qd2 Nge7 8. Bh6 Bxh6 9. Qxh6 Ng8 10. Qg7 Qf6 11. Qxf6 Nxf6 12. f4 Bb7 13. e5 Ng4 14. Nb5 Ke7 15. Nd6 Rab8 16. Kd2 Nf2 17. Nh3 Nxh1 18. Bxh1 Ba8 19. Ng5 Nd8 20. Bxa8 Rxa8 21. Nge4 Rb8 22. h4 Nb7 23. Nxb7 Rxb7 24. g4 h5 25. g5 Rd8 26. Nd6 Rc7 27. c4 Rc6 28. Ne4 a6 29. a4 Rb8 30. b3 b5 31. axb5 axb5 32. Kc3 bxc4 33. bxc4 Rb7 34. Nd6 Rxd6 35. exd6+ Kxd6 36. Ra6+ Ke7 37. Ra5 d6 38. Ra6 Rb1 39. Ra7+ Kf8 40. Ra8+ Kg7 41. Rd8 Rf1 42. Rxd6 Rxf4 43. Rc6 Rxh4 44. Rxc5 Rg4 45. Re5 h4 46. c5 Rg1 47. Kd2 h3 48. c6 h2 49. c7 h1=Q 50. c8=Q Rd1+ 51. Ke3 Qg1+ 52. Ke4 Re1+ 53. Kf4 Qf2+ 54. Kg4 Rg1+ 55. Kh3 Qg3# 0-1

[Event "Titled Tuesday intern op 21st Dec"]
[Site "Chess.com INT"]
[Date "2021.12.21"]
[Round "2"]
[White "Perez Gormaz, Matias Ariel"]
[Black "Costachi, Mihnea"]
[Result "0-1"]
[WhiteElo "2404"]
[BlackElo "2463"]
[PlyCount "110"]
[EventDate "2021.12.21"]
[EventType "swiss (blitz)"]
[EventRounds "11"]
[EventCountry "USA"]
[SourceTitle "CBM 205 Extra"]
[Source "ChessBase"]
[SourceDate "2022.01.31"]
[SourceVersion "1"]
[SourceVersionDate "2022.01.31"]
[SourceQuality "1"]

1. e4 c5 2. Nf3 Nc6 3. Bb5 g6 4. O-O Bg7 5. Re1 Nf6 6. c3 O-O 7. d4 cxd4 8. cxd4 d6 9. Nc3 a6 10. Bxc6 bxc6 11. h3 Rb8 12. b3 Bd7 13. Bf4 Qa5 14. Qd2 Rfe8 15. e5 Nd5 16. Nxd5 Qxd5 17. Qe2 a5 18. Qe3 a4 19. bxa4 Ra8 20. Rab1 Bf5 21. Rb2 Red8 22. exd6 exd6 23. Bh6 Bf6 24. Bg5 Bxg5 25. Qxg5 Re8 26. Rxe8+ Rxe8 27. Qf6 Be4 28. Ng5 Bxg2 29. f3 h6 30. Ne4 Bxf3 31. Nxd6 Rf8 32. Rf2 Bh5 33. a5 c5 34. dxc5 Qxc5 35. Nxf7 Qc1+ 36. Rf1 Qe3+ 37. Rf2 Qg3+ 38. Kh1 Qxh3+ 39. Kg1 Qg4+ 40. Kh1 Qd1+ 41. Kg2 Qd5+ 42. Kg1 Rxf7 43. Qxf7+ Qxf7 44. Rxf7 Kxf7 45. Kf2 Bg4 46. a6 Bc8 47. a7 Bb7 48. Ke3 h5 49. Kf4 Kf6 50. a4 g5+ 51. Kg3 h4+ 52. Kh2 g4 53. a5 Kg5 54. Kg1 g3 55. a6 Ba8 0-1

[Event "Titled Tuesday intern op 21st Dec"]
[Site "Chess.com INT"]
[Date "2021.12.21"]
[Round "2"]
[White "Pesotskiy, Mikhail"]
[Black "Otchiyev, Arslan"]
[Result "0-1"]
[WhiteElo "2217"]
[BlackElo "2326"]
[PlyCount "110"]
[EventDate "2021.12.21"]
[EventType "swiss (blitz)"]
[EventRounds "11"]
[EventCountry "USA"]
[SourceTitle "CBM 205 Extra"]
[Source "ChessBase"]
[SourceDate "2022.01.31"]
[SourceVersion "1"]
[SourceVersionDate "2022.01.31"]
[SourceQuality "1"]

1. c4 Nf6 2. d4 e6 3. Nc3 Bb4 4. Qc2 d5 5. cxd5 exd5 6. Bg5 h6 7. Bxf6 Qxf6 8. a3 Bxc3+ 9. Qxc3 c6 10. Nf3 O-O 11. e3 Bf5 12. Be2 Nd7 13. O-O Rfe8 14. b4 a6 15. a4 Bg4 16. Rfc1 Rac8 17. b5 axb5 18. axb5 c5 19. dxc5 Qxc3 20. Rxc3 Rxc5 21. Rxc5 Nxc5 22. Rd1 Rd8 23. h3 Be6 24. Nd4 Ra8 25. Bf3 b6 26. Ne2 Ra2 27. Nf4 Rb2 28. Nxd5 Rxb5 29. Nc7 Rb2 30. Nxe6 Nxe6 31. Rd7 b5 32. Bd5 b4 33. Rd6 Nc5 34. Rd8+ Kh7 35. Bxf7 Ne4 36. f3 Ng3 37. Bc4 g5 38. Kh2 Nh5 39. Rd6 Kg7 40. Rd7+ Kf6 41. Rh7 Ke5 42. Rxh6 Nf6 43. f4+ gxf4 44. exf4+ Kf5 45. Bd3+ Ne4 46. Rf6+ Kxf6 47. Bxe4 b3 48. h4 Re2 49. Bb1 b2 50. Kh3 Re1 51. Bh7 Rf1 52. g3 b1=Q 53. Bxb1 Rxb1 54. h5 Kf5 55. g4+ Kxf4 0-1

[Event "Titled Tuesday intern op 21st Dec"]
[Site "Chess.com INT"]
[Date "2021.12.21"]
[Round "2"]
[White "Piesik, Piotr"]
[Black "Pandey, Srishti"]
[Result "1-0"]
[WhiteElo "2407"]
[BlackElo "2177"]
[PlyCount "75"]
[EventDate "2021.12.21"]
[EventType "swiss (blitz)"]
[EventRounds "11"]
[EventCountry "USA"]
[SourceTitle "CBM 205 Extra"]
[Source "ChessBase"]
[SourceDate "2022.01.31"]
[SourceVersion "1"]
[SourceVersionDate "2022.01.31"]
[SourceQuality "1"]

1. Nf3 Nf6 2. g3 d5 3. Bg2 c6 4. O-O Bf5 5. d3 h6 6. Nbd2 e6 7. Qe1 Bh7 8. e4 dxe4 9. dxe4 Nbd7 10. Qe2 e5 11. a4 a5 12. b3 Bc5 13. Bb2 Qe7 14. Rfd1 O-O 15. Ne1 Rfd8 16. Nd3 Bd4 17. Ba3 Nc5 18. c3 Bxc3 19. Bxc5 Qd7 20. Nc4 Bxa1 21. Nb6 Qg4 22. f3 Qe6 23. Nxa8 Qxb3 24. Rxa1 Qxd3 25. Qxd3 Rxd3 26. Nb6 Bg6 27. Bf2 Bh5 28. g4 Bg6 29. Nc4 Nd7 30. Nxa5 h5 31. Nxb7 hxg4 32. fxg4 f6 33. a5 c5 34. Nxc5 Nxc5 35. Bxc5 Rd8 36. a6 Ra8 37. a7 Bf7 38. Rb1 1-0

[Event "Titled Tuesday intern op 21st Dec"]
[Site "Chess.com INT"]
[Date "2021.12.21"]
[Round "2"]
[White "Polaczek, Richard"]
[Black "Sidorika, Vladislav"]
[Result "0-1"]
[WhiteElo "2360"]
[BlackElo "2278"]
[PlyCount "136"]
[EventDate "2021.12.21"]
[EventType "swiss (blitz)"]
[EventRounds "11"]
[EventCountry "USA"]
[SourceTitle "CBM 205 Extra"]
[Source "ChessBase"]
[SourceDate "2022.01.31"]
[SourceVersion "1"]
[SourceVersionDate "2022.01.31"]
[SourceQuality "1"]

1. d4 Nf6 2. Bg5 e6 3. e4 h6 4. Bxf6 Qxf6 5. c3 d6 6. Bd3 Nd7 7. Ne2 g6 8. O-O Bg7 9. f4 Qe7 10. Na3 a6 11. Nc2 b6 12. Qd2 Bb7 13. Rae1 O-O-O 14. b4 e5 15. fxe5 dxe5 16. d5 Kb8 17. Ng3 h5 18. Qe2 h4 19. Nh1 Ka7 20. a4 h3 21. g3 f5 22. a5 b5 23. exf5 gxf5 24. Bxf5 Nf6 25. Ne3 Nxd5 26. Nxd5 Bxd5 27. Be4 Bc4 28. Qe3+ Kb8 29. Bf3 e4 30. Qxe4 Qxe4 31. Rxe4 Bxf1 32. Kxf1 Bxc3 33. Re6 Rhf8 34. Ke2 Rd2+ 35. Ke3 Rxh2 36. Rxa6 Bd2+ 37. Ke4 Rxf3 38. Kxf3 Rxh1 39. Rg6 Rg1 40. Rg8+ Kb7 41. Rh8 Rh1 42. Kg4 Bxb4 43. Rxh3 Rxh3 44. Kxh3 Bxa5 45. Kg4 Bc3 46. Kf3 b4 47. Ke3 b3 48. Kd3 Bg7 49. Kd2 b2 50. Kc2 c5 51. Kb1 Kb6 52. Kc2 Kb5 53. Kb1 Kb4 54. Kc2 Kc4 55. g4 Kb4 56. g5 Ka3 57. Kb1 c4 58. g6 Bd4 59. Kc2 c3 60. g7 Bxg7 61. Kb1 Bf6 62. Kc2 Ka2 63. Kd3 b1=Q+ 64. Kc4 Qe4+ 65. Kb5 c2 66. Kb6 c1=Q 67. Ka6 Qcc6+ 68. Ka7 Qb7# 0-1

[Event "Titled Tuesday intern op 21st Dec"]
[Site "Chess.com INT"]
[Date "2021.12.21"]
[Round "2"]
[White "Postnikov, Daniil"]
[Black "Papasimakopoulos, Alexandros"]
[Result "0-1"]
[WhiteElo "2360"]
[BlackElo "2259"]
[PlyCount "109"]
[EventDate "2021.12.21"]
[EventType "swiss (blitz)"]
[EventRounds "11"]
[EventCountry "USA"]
[SourceTitle "CBM 205 Extra"]
[Source "ChessBase"]
[SourceDate "2022.01.31"]
[SourceVersion "1"]
[SourceVersionDate "2022.01.31"]
[SourceQuality "1"]

1. e4 e6 2. d4 d5 3. e5 b6 4. c3 Ne7 5. Nf3 Qd7 6. Bd3 Ba6 7. Bxa6 Nxa6 8. O-O c5 9. Qe2 Nb8 10. dxc5 bxc5 11. c4 Nbc6 12. Nc3 d4 13. Ne4 Ng6 14. Ng3 Be7 15. Qe4 Rb8 16. h4 h6 17. h5 Nf8 18. a3 a5 19. b4 axb4 20. axb4 Nxb4 21. Bd2 Nh7 22. Bxb4 Rxb4 23. Ra8+ Bd8 24. Rfa1 O-O 25. R1a7 Bc7 26. Nd2 Rbb8 27. Rxb8 Rxb8 28. Ne2 Qc8 29. Nf4 Ng5 30. Qe2 Ra8 31. Rxa8 Qxa8 32. Nd3 Bb6 33. f4 Nh7 34. Ne4 Qa3 35. Nd6 Nf8 36. f5 exf5 37. Nxf5 Ne6 38. Ne7+ Kf8 39. Nd5 Bd8 40. N3f4 Nxf4 41. Nxf4 Qc1+ 42. Qf1 Qe3+ 43. Kh1 Kg8 44. e6 fxe6 45. Ng6 Bf6 46. Qb1 Qg3 47. Qa1 Qb8 48. Qa6 Kf7 49. Qc6 Qd8 50. Qxc5 d3 51. Qa7+ Kg8 52. Qe3 d2 53. Qxe6+ Kh7 54. Qf5 d1=Q+ 55. Kh2 0-1

[Event "Titled Tuesday intern op 21st Dec"]
[Site "Chess.com INT"]
[Date "2021.12.21"]
[Round "2"]
[White "Pourkashiyan, Atousa"]
[Black "Yavuz, Efe Metehan"]
[Result "1/2-1/2"]
[WhiteElo "2322"]
[BlackElo "2025"]
[PlyCount "121"]
[EventDate "2021.12.21"]
[EventType "swiss (blitz)"]
[EventRounds "11"]
[EventCountry "USA"]
[SourceTitle "CBM 205 Extra"]
[Source "ChessBase"]
[SourceDate "2022.01.31"]
[SourceVersion "1"]
[SourceVersionDate "2022.01.31"]
[SourceQuality "1"]

1. e4 c5 2. Nf3 Nc6 3. d4 cxd4 4. Nxd4 Nf6 5. Nc3 e5 6. Ndb5 d6 7. Bg5 a6 8. Na3 b5 9. Nd5 Be7 10. Bxf6 Bxf6 11. c4 b4 12. Nc2 a5 13. Be2 O-O 14. O-O Be6 15. Qd3 Bxd5 16. Qxd5 Ne7 17. Qd3 Nc8 18. Ne3 g6 19. Nd5 Bg7 20. Rfd1 f5 21. Bf3 f4 22. Rac1 Rf7 23. Bg4 h5 24. Be6 Bf8 25. Bxf7+ Kxf7 26. Nxf4 Nb6 27. Nd5 Na4 28. Qe2 Nc5 29. Ne3 Bh6 30. Rc2 Kg7 31. f3 Qb6 32. Kh1 b3 33. axb3 Qxb3 34. Rc3 Qb4 35. Nd5 Qb7 36. Ra3 a4 37. Nc3 h4 38. Nb5 h3 39. Nxd6 Qb4 40. Nb5 Rf8 41. g3 Nb3 42. Nc3 Nd4 43. Rxd4 exd4 44. Rxa4 Qb3 45. Ra7+ Rf7 46. Rxf7+ Kxf7 47. Nd5 Qa2 48. Kg1 Qb1+ 49. Kf2 Qh1 50. f4 Qxh2+ 51. Kf3 Qh1+ 52. Kg4 h2 53. e5 Qxd5 54. cxd5 h1=Q 55. e6+ Ke7 56. d6+ Ke8 57. Qe5 Qd1+ 58. Kh4 Qh1+ 59. Kg4 Qd1+ 60. Kh3 Qh1+ 61. Kg4 1/2-1/2

[Event "Titled Tuesday intern op 21st Dec"]
[Site "Chess.com INT"]
[Date "2021.12.21"]
[Round "2"]
[White "Rasulov, Vugar Ural Oglu"]
[Black "Janaszak, Dawid"]
[Result "1-0"]
[WhiteElo "2453"]
[BlackElo "2333"]
[PlyCount "87"]
[EventDate "2021.12.21"]
[EventType "swiss (blitz)"]
[EventRounds "11"]
[EventCountry "USA"]
[SourceTitle "CBM 205 Extra"]
[Source "ChessBase"]
[SourceDate "2022.01.31"]
[SourceVersion "1"]
[SourceVersionDate "2022.01.31"]
[SourceQuality "1"]

1. d4 Nf6 2. c4 c5 3. Nf3 g6 4. Nc3 cxd4 5. Nxd4 d5 6. cxd5 Nxd5 7. Ndb5 Nxc3 8. Qxd8+ Kxd8 9. Nxc3 Bg7 10. Bf4 e5 11. O-O-O+ Bd7 12. Bg3 f5 13. e3 g5 14. f3 Nc6 15. Bc4 f4 16. Bf2 Ke8 17. exf4 gxf4 18. Nb5 Rb8 19. Nc7+ Ke7 20. Bh4+ Bf6 21. Bxf6+ Kxf6 22. Rxd7 Nd4 23. Nd5+ Ke6 24. Rg7 Rhc8 25. Nb6+ Rxc4+ 26. Nxc4 Rc8 27. Kb1 Rxc4 28. Rc1 Rb4 29. Rxh7 Nf5 30. a3 Rb3 31. Ka2 Re3 32. Rc2 Nd4 33. Rd2 a5 34. Rxb7 a4 35. Rb4 Kd5 36. Rxa4 Re1 37. g3 Kc5 38. gxf4 Nxf3 39. Rc2+ Kb5 40. Rb4+ Ka5 41. Rc5+ Ka6 42. fxe5 Nd2 43. Rc6+ Ka5 44. Rc8 1-0

[Event "Titled Tuesday intern op 21st Dec"]
[Site "Chess.com INT"]
[Date "2021.12.21"]
[Round "2"]
[White "Salinas Herrera, Pablo Patricio"]
[Black "Florescu, Codrut Constantin"]
[Result "1-0"]
[WhiteElo "2513"]
[BlackElo "2285"]
[PlyCount "61"]
[EventDate "2021.12.21"]
[EventType "swiss (blitz)"]
[EventRounds "11"]
[EventCountry "USA"]
[SourceTitle "CBM 205 Extra"]
[Source "ChessBase"]
[SourceDate "2022.01.31"]
[SourceVersion "1"]
[SourceVersionDate "2022.01.31"]
[SourceQuality "1"]

1. e4 c5 2. Nf3 e6 3. d4 cxd4 4. Nxd4 a6 5. Be2 Qc7 6. O-O Nf6 7. Nc3 Nc6 8. Be3 d6 9. a4 Be7 10. f4 O-O 11. Kh1 Re8 12. Bd3 Bd7 13. Nb3 b6 14. Qf3 Bf8 15. Qh3 g6 16. f5 exf5 17. exf5 Bg7 18. Bg5 Nb4 19. Qh4 Nxd3 20. cxd3 Nh5 21. f6 Bf8 22. g4 Qc6+ 23. Kg1 Re5 24. gxh5 Rae8 25. hxg6 hxg6 26. Rae1 d5 27. Rxe5 Rxe5 28. d4 Re8 29. Bh6 Qd6 30. Bxf8 Qxf8 31. Nxd5 1-0

[Event "Titled Tuesday intern op 21st Dec"]
[Site "Chess.com INT"]
[Date "2021.12.21"]
[Round "2"]
[White "Sarana, Alexey"]
[Black "Gurevich, Dmitry"]
[Result "1-0"]
[WhiteElo "2666"]
[BlackElo "2358"]
[PlyCount "87"]
[EventDate "2021.12.21"]
[EventType "swiss (blitz)"]
[EventRounds "11"]
[EventCountry "USA"]
[SourceTitle "CBM 205 Extra"]
[Source "ChessBase"]
[SourceDate "2022.01.31"]
[SourceVersion "1"]
[SourceVersionDate "2022.01.31"]
[SourceQuality "1"]

1. d4 Nf6 2. c4 a6 3. Nc3 c5 4. Nf3 cxd4 5. Nxd4 d5 6. e3 g6 7. cxd5 Nxd5 8. Nxd5 Qxd5 9. Qc2 Nc6 10. Nxc6 Qxc6 11. Qxc6+ bxc6 12. Bd3 Be6 13. b3 Bg7 14. Rb1 O-O 15. Bd2 a5 16. Bc4 Bd5 17. Bxd5 cxd5 18. Ke2 a4 19. b4 a3 20. Rhc1 Rfb8 21. Rb3 Bb2 22. Rc7 e6 23. b5 Rb6 24. Kd3 Rab8 25. Rc5 Kf8 26. Ba5 R6b7 27. b6 Ke7 28. Rc7+ Rxc7 29. bxc7 Rxb3+ 30. Kc2 Kd7 31. Kxb3 Be5 32. g3 Bxc7 33. Bxc7 Kxc7 34. Kxa3 Kb6 35. Kb4 g5 36. g4 Kc6 37. f4 h6 38. h3 f6 39. a4 Kb6 40. a5+ Kc6 41. a6 Kb6 42. a7 Kxa7 43. fxg5 hxg5 44. Kc5 1-0

[Event "Titled Tuesday intern op 21st Dec"]
[Site "Chess.com INT"]
[Date "2021.12.21"]
[Round "2"]
[White "Savchenko, Boris"]
[Black "Jakubowski, Krzysztof"]
[Result "1-0"]
[WhiteElo "2535"]
[BlackElo "2471"]
[PlyCount "61"]
[EventDate "2021.12.21"]
[EventType "swiss (blitz)"]
[EventRounds "11"]
[EventCountry "USA"]
[SourceTitle "CBM 205 Extra"]
[Source "ChessBase"]
[SourceDate "2022.01.31"]
[SourceVersion "1"]
[SourceVersionDate "2022.01.31"]
[SourceQuality "1"]

1. e4 e5 2. Nf3 Nc6 3. Bc4 Bc5 4. d3 d6 5. c3 a6 6. b4 Ba7 7. a4 Nf6 8. Ra2 h6 9. h3 O-O 10. Be3 Bxe3 11. fxe3 d5 12. exd5 Nxd5 13. Qe2 Be6 14. Rd2 Kh8 15. O-O f5 16. Bxd5 Qxd5 17. e4 Qb3 18. exf5 Bxf5 19. a5 Rae8 20. Qd1 Qe6 21. Re2 Bh7 22. Re3 Rd8 23. Qc2 e4 24. dxe4 Ne5 25. Nbd2 Nc4 26. Nxc4 Qxc4 27. Nd2 Rxf1+ 28. Nxf1 c5 29. Qb1 cxb4 30. cxb4 Re8 31. Qb2 1-0

[Event "Titled Tuesday intern op 21st Dec"]
[Site "Chess.com INT"]
[Date "2021.12.21"]
[Round "2"]
[White "Senthil, Maran K"]
[Black "Kamsky, Gata"]
[Result "1-0"]
[WhiteElo "2220"]
[BlackElo "2657"]
[PlyCount "73"]
[EventDate "2021.12.21"]
[EventType "swiss (blitz)"]
[EventRounds "11"]
[EventCountry "USA"]
[SourceTitle "CBM 205 Extra"]
[Source "ChessBase"]
[SourceDate "2022.01.31"]
[SourceVersion "1"]
[SourceVersionDate "2022.01.31"]
[SourceQuality "1"]

1. d4 d5 2. Nf3 Nf6 3. g3 Bf5 4. c4 c6 5. Nc3 e6 6. Nh4 dxc4 7. Nxf5 exf5 8. e3 Nbd7 9. Bxc4 Nb6 10. Bb3 Bd6 11. O-O O-O 12. f3 c5 13. d5 a6 14. e4 fxe4 15. fxe4 Nbd7 16. Bg5 h6 17. Bf4 Ne5 18. Qe2 b5 19. Kg2 c4 20. Bc2 Re8 21. Rae1 Nfd7 22. Nd1 Nc5 23. Bxe5 Bxe5 24. Ne3 Bxb2 25. Nf5 Be5 26. h4 Qb6 27. g4 Qg6 28. Kh3 Rac8 29. Rg1 Nd3 30. Bxd3 cxd3 31. Qf3 d2 32. Re3 Rc1 33. Rd1 Rec8 34. Ne7+ Kh8 35. Nxg6+ fxg6 36. Rxd2 Rh1+ 37. Qxh1 1-0

[Event "Titled Tuesday intern op 21st Dec"]
[Site "Chess.com INT"]
[Date "2021.12.21"]
[Round "2"]
[White "Serikbay, Assel"]
[Black "Roebers, Jan"]
[Result "1-0"]
[WhiteElo "2263"]
[BlackElo "2154"]
[PlyCount "65"]
[EventDate "2021.12.21"]
[EventType "swiss (blitz)"]
[EventRounds "11"]
[EventCountry "USA"]
[SourceTitle "CBM 205 Extra"]
[Source "ChessBase"]
[SourceDate "2022.01.31"]
[SourceVersion "1"]
[SourceVersionDate "2022.01.31"]
[SourceQuality "1"]

1. d4 Nf6 2. c4 g6 3. g3 Bg7 4. Bg2 O-O 5. Nf3 d6 6. Nc3 Nc6 7. O-O a6 8. d5 Na5 9. Nd2 c5 10. Rb1 Rb8 11. a4 Nd7 12. e4 b5 13. axb5 axb5 14. cxb5 Ne5 15. Qe2 c4 16. b4 cxb3 17. Nxb3 Nxb3 18. Rxb3 Qa5 19. Bb2 Bd7 20. Ra1 Qb6 21. Bf1 Bg4 22. Qe3 Nf3+ 23. Kh1 Bd4 24. Qf4 h5 25. Na4 Qb7 26. Rxf3 Bxf3+ 27. Qxf3 Bxb2 28. Nxb2 Rfc8 29. Qb3 Qb6 30. Kg2 h4 31. Na4 Qd4 32. Re1 Rc4 33. Bxc4 1-0

[Event "Titled Tuesday intern op 21st Dec"]
[Site "Chess.com INT"]
[Date "2021.12.21"]
[Round "2"]
[White "Shuvalova, Polina"]
[Black "Fikiet, Alex M"]
[Result "1-0"]
[WhiteElo "2516"]
[BlackElo "2184"]
[PlyCount "71"]
[EventDate "2021.12.21"]
[EventType "swiss (blitz)"]
[EventRounds "11"]
[EventCountry "USA"]
[SourceTitle "CBM 205 Extra"]
[Source "ChessBase"]
[SourceDate "2022.01.31"]
[SourceVersion "1"]
[SourceVersionDate "2022.01.31"]
[SourceQuality "1"]

1. e4 e5 2. Nf3 Nc6 3. Bb5 a6 4. Ba4 d6 5. c4 Bd7 6. Nc3 g6 7. d4 Bg7 8. Be3 Nf6 9. h3 O-O 10. O-O exd4 11. Nxd4 Re8 12. Bxc6 bxc6 13. Qd3 Rb8 14. b3 c5 15. Nde2 Bc6 16. f3 Qe7 17. Rad1 Nd7 18. Qd2 f5 19. Nd5 Bxd5 20. Qxd5+ Kh8 21. Ng3 Nf6 22. Qd2 fxe4 23. f4 Rf8 24. Kh1 Rbe8 25. Qa5 Bh6 26. Rd2 Nh5 27. Nxh5 gxh5 28. Qxa6 Rg8 29. Qb7 Rg3 30. Bg1 Reg8 31. Qd5 Qh4 32. Bh2 Re3 33. Qf5 Re1 34. Rd1 Qf2 35. Qf6+ Bg7 36. Rdxe1 1-0